000 00477nmm a2200169Ia 4500
008 251105s9999||||xx |||||||||||||||||und||
020 _a9789871727513
041 _aspa
100 _aPasik, Daniela
245 0 _aInicio
264 _a[Buenos Aires, Argentina] :
_bEduvim,
_c2011
300 _a68 páginas
490 _aTemporal. Narrativas del Bicentenario
650 _aLatin American narrative
856 _uhttps://public.digitaliapublishing.com/a/14481
942 _cCF
999 _c97292
_d97292